Socceroos 2014 World Cup Squad - Statistics

General Stats
  • This quiz has been taken 42 times
  • The average score is 11 of 24
Answer Stats
Squad Number Answer % Correct
4 Tim Cahill
97%
1 Mathew Ryan
91%
15 Mile Jedinak
76%
7 Mathew Leckie
73%
5 Mark Milligan
64%
23 Mark Bresciano
55%
Coach Ange Postecoglou
52%
2 Ivan Franjic
48%
3 Jason Davidson
48%
21 Massimo Luongo
45%
6 Matthew Spiranovic
45%
12 Mitchell Langerak
42%
11 Tommy Oar
36%
14 James Troisi
33%
19 Ryan McGowan
33%
22 Alex Wilkinson
30%
17 Matt McKay
30%
13 Oliver Bozanic
30%
9 Adam Taggart
27%
18 Eugene Galekovic
27%
8 Bailey Wright
24%
20 Dario Vidosic
24%
10 Ben Halloran
21%
16 James Holland
21%
No matching quizzes found
Score Distribution
Percent of People with Each Score
Percentile by Number Answered
Your Score History
You have not taken this quiz